|
|
|
|
| LEADER |
02655nam a22004575i 4500 |
| 001 |
978-0-306-46821-6 |
| 003 |
DE-He213 |
| 005 |
20151204152247.0 |
| 007 |
cr nn 008mamaa |
| 008 |
100301s2002 xxu| s |||| 0|eng d |
| 020 |
|
|
|a 9780306468216
|9 978-0-306-46821-6
|
| 024 |
7 |
|
|a 10.1007/b113570
|2 doi
|
| 040 |
|
|
|d GrThAP
|
| 050 |
|
4 |
|a QL1-991
|
| 072 |
|
7 |
|a PSV
|2 bicssc
|
| 072 |
|
7 |
|a SCI070000
|2 bisacsh
|
| 082 |
0 |
4 |
|a 590
|2 23
|
| 245 |
1 |
0 |
|a Glycomicrobiology
|h [electronic resource] /
|c edited by Ron J. Doyle.
|
| 264 |
|
1 |
|a Boston, MA :
|b Springer US,
|c 2002.
|
| 300 |
|
|
|a XXII, 549 p.
|b online resource.
|
| 336 |
|
|
|a text
|b txt
|2 rdacontent
|
| 337 |
|
|
|a computer
|b c
|2 rdamedia
|
| 338 |
|
|
|a online resource
|b cr
|2 rdacarrier
|
| 347 |
|
|
|a text file
|b PDF
|2 rda
|
| 505 |
0 |
|
|a Non-S-Layer Glycoproteins -- Glycans in Meningococcal Pathogenesis and the Enigma of the Molecular Decorations of Neisserial Pili -- Polypeptide Linkage to Bacterial Cell Envelope Glycopolymers -- Surface Layer Glycoproteins of Bacteria and Archaea -- Assembly Pathways for Biosynthesis of A-Band and B-Band Lipopolysaccharide in Pseudomonas aeruginosa -- Interactions of Bacterial Lipopolysaccharide and Peptidoglycan with Mammalian CD14 -- Pathways for the O-Acetylation of Bacterial Cell Wall Polysaccharides -- Glycobiology of the Mycobacterial Surface -- Biosynthesis and Regulation of Expression of Group 1 Capsules in Escherichia coli and Related Extracellular Polysaccharides in Other Bacteria -- Mutans Streptococci Glucosyltransferases -- Glycosyl Hydrolases from Extremophiles -- Profiling and Trace Detection of Bacterial Cellular Carbohydrates -- Degradation of Cellulose and Starch by Anaerobic Bacteria -- The Cellulosome -- The Expression of Polysaccharide Capsules in Escherichia coli -- Bacterial Entry and Subsequent Mast Cell Expulsion of Intracellular Bacteria Mediated by Cellular Cholesterol—Glycolipid-Enriched Microdomains -- The Fim H Lectin of Escherichia coli Type 1 Fimbriae -- Interactions of Microbial Glycoconjugates with Collectins.
|
| 650 |
|
0 |
|a Life sciences.
|
| 650 |
|
0 |
|a Biochemistry.
|
| 650 |
|
0 |
|a Zoology.
|
| 650 |
|
0 |
|a Animal anatomy.
|
| 650 |
1 |
4 |
|a Life Sciences.
|
| 650 |
2 |
4 |
|a Zoology.
|
| 650 |
2 |
4 |
|a Animal Anatomy / Morphology / Histology.
|
| 650 |
2 |
4 |
|a Biochemistry, general.
|
| 700 |
1 |
|
|a Doyle, Ron J.
|e editor.
|
| 710 |
2 |
|
|a SpringerLink (Online service)
|
| 773 |
0 |
|
|t Springer eBooks
|
| 776 |
0 |
8 |
|i Printed edition:
|z 9780306462399
|
| 856 |
4 |
0 |
|u http://dx.doi.org/10.1007/b113570
|z Full Text via HEAL-Link
|
| 912 |
|
|
|a ZDB-2-SBL
|
| 912 |
|
|
|a ZDB-2-BAE
|
| 950 |
|
|
|a Biomedical and Life Sciences (Springer-11642)
|